000 00589nam a2200193 i 4500
001 110307
003 ES-MaACL
005 20250627063644.0
007 t|
008 061121s1939 cl r ||||1| spa d
080 _a378(832.7 Concepción)(09)(042)
100 1 _aMolina, Enrique,
_d1871-1964
_9156714
245 1 0 _aDiscursos universitarios /
_cEnrique Molina.
260 _aConcepción [Chile] :
_bUniversidad de Concepción,
_c1939.
300 _a106 p. ;
_c19 cm.
710 2 _aUniversidad de Concepción.
_97163
852 _aES-MaACL
_jB-12508
999 _c110307
_d110307